000 00441nam a2200157 i 4500
001 41603
003 ES-MaACL
005 20230906160449.0
007 t|
008 030311s1963 sp ||||1| spa d
100 1 _aCarbó Llaneras, José.
_935024
245 1 0 _aElaboración del champaña /
_cJosé Carbó Llaneras.
260 _aBarcelona :
_bSintes,
_c[1963]
300 _a216 p. :
_bil. ;
_c18 cm.
852 _aES-MaACL
_jC-25521
_bR.53801
999 _c41603
_d41603